000 00485 a2200157 4500
999 _c8414
_d8414
020 _a8290954263
050 _aPL8681.95 FOR 2004
100 _aFortune, G.
_eauthor
245 _aEssays on Shona dialects /
_cedited by George Fortune
264 _aOslo:
_bThe Allex Project,
_c2004.
300 _a182p. :
500 _aAfrican Languages Research Institute, University of Zimbabwe
650 _aDialects
_xShona
650 _aShona language
_xDialects
942 _2lcc
_cBK
_h8681.95
_iFOR
_kPL